Secretos diplomáticos de las dos guerras mundiales / (Record no. 89765)

MARC details
000 -LEADER
campo de control de longitud fija 00666nam a2200205 i 4500
001 - NÚMERO DE CONTROL
campo de control 89765
003 - IDENTIFICADOR DE NÚMERO DE CONTROL
campo de control ES-MaACL
005 - FECHA Y HORA DE LA ÚLTIMA TRANSACCIÓN
campo de control 20230906180250.0
007 - CAMPO FIJO DE DESCRIPCIÓN FÍSICA--INFORMACIÓN GENERAL
campo de control de longitud fija t|
008 - DATOS DE LONGITUD FIJA--INFORMACIÓN GENERAL
campo de control de longitud fija 050112s1966 sp ||||1| spa d
100 1# - ENTRADA PRINCIPAL--NOMBRE DE PERSONA
Nombre de persona Launay, Jacques de.
9 (RLIN) 70602
245 10 - MENCIÓN DEL TÍTULO
Título Secretos diplomáticos de las dos guerras mundiales /
Mención de responsabilidad, etc. Jacques de Launay ; [traducción de Domingo Pruna].
250 ## - MENCION DE EDICION
Mención de edición [1ª ed.].
260 ## - PUBLICACIÓN, DISTRIBUCIÓN, ETC.
Lugar de publicación, distribución, etc. Barcelona :
Nombre del editor, distribuidor, etc. Plaza y Janés,
Fecha de publicación, distribución, etc. [1966]
300 ## - DESCRIPCIÓN FÍSICA
Extensión 326 p., 14 lám. ;
Dimensiones 22 cm.
650 04 - PUNTO DE ACCESO ADICIONAL DE MATERIA--TÉRMINO DE MATERIA
Término de materia o nombre geográfico como elemento de entrada Guerra mundial, 1914-1918.
9 (RLIN) 13212
650 04 - PUNTO DE ACCESO ADICIONAL DE MATERIA--TÉRMINO DE MATERIA
Término de materia o nombre geográfico como elemento de entrada Guerra mundial, 1939-1945.
9 (RLIN) 13228
700 1# - ENTRADA AGREGADA--NOMBRE PERSONAL
Nombre de persona Pruna, Domingo.
9 (RLIN) 94081
852 ## - LOCALIZACIÓN
Ubicación ES-MaACL
Número de control de estantería G-5051
Sublocalización o colección R.60909
Holdings
Estatus retirado Estado de pérdida Estado de daño No para préstamo Biblioteca de origen Biblioteca actual Ubicación en estantería Fecha de adquisición Fuente de adquisición Total de préstamos Signatura topográfica completa Código de barras Visto por última vez Precio de reemplazo Tipo de ítem Koha
        Biblioteca del Ateneo de Madrid Biblioteca del Ateneo de Madrid Depósito 2 17/01/2008     G-5051 1093747 23/02/2023 23/02/2023 Libro impreso